00281nam a2200121Ia 4500008004100000100000900041245003800050260002900088300000800117650001000125942000700135999001700142190216s9999||||xx |||||||||||||| ||und|| aNull 0aHindi-Dr.Ambedkar Samaj Vainjanik bMac Millian And Com. Ltd a118 aHindi cBK c15701d15701